=LDR 00000nam 2200000 4500 =001 INLIS000000000026633 =005 20130612125048 =008 ***********************************Ind** =035 ##$$a0010-061300000026633 =041 ##$$a Ind =082 ##$$a 657.42 =090 ##$$a 657.42, San a =100 ##$$a Santoso, Iman =245 ##$$a Akuntansi keuangan menengah, Intemediate accounting, Imam Santoso ; Editor, Andri Wijaya =260 ##$$a 2007 $b Bandung =300 ##$$a xiv, 316 hlm, ilus, 24 cm =650 ##$$a Akuntansi biaya =700 ##$$a Wijaya, Andri =850 ##$$a NBPNMAT =990 ##$$a 93281/BPAP-NTB/2014